Fundamentals of physics (Record no. 5117)
[ view plain ]
| 000 -LEADER | |
|---|---|
| fixed length control field | 00469nam a2200193Ia 4500 |
| 003 - CONTROL NUMBER IDENTIFIER | |
| control field | SGT |
| 020 ## - INTERNATIONAL STANDARD BOOK NUMBER | |
| International Standard Book Number | 9788126514427 |
| 082 ## - DEWEY DECIMAL CLASSIFICATION NUMBER | |
| Classification number | 530 |
| Item number | HAL |
| 100 ## - MAIN ENTRY--PERSONAL NAME | |
| Personal name | Halliday,David |
| 245 ## - TITLE STATEMENT | |
| Title | Fundamentals of physics |
| 250 ## - EDITION STATEMENT | |
| Edition statement | 8th Ed. |
| 260 ## - PUBLICATION, DISTRIBUTION, ETC. (IMPRINT) | |
| Name of publisher, distributor, etc | John Wiley & Sons |
| Place of publication, distribution, etc | New York |
| Year of Publication | 2009 |
| 300 ## - PAGE DESCRIPTION | |
| No. of Pages | 1286p. |
| 650 ## - SUBJECT ADDED ENTRY--TOPICAL TERM | |
| Topical term or geographic name as entry element | PHYSICS |
| 653 ## - KEYWORDS--INDEX TERM | |
| Keyword term | MEASURING, STRAIGHT LINE MOTION, VECTOR QUANTITIES |
| 700 ## - ADDED ENTRY--PERSONAL NAME | |
| Personal name | Resnick,Robert |
| 700 ## - ADDED ENTRY--PERSONAL NAME | |
| Personal name | Walker,Jearl |
| 942 ## - ADDED ENTRY ELEMENTS (KOHA) | |
| Source of classification or shelving scheme | Dewey Decimal Classification |
| Koha item type | Books |
| Withdrawn status | Lost status | Source of classification or shelving scheme | Damaged status | Not for loan | Home library | Current library | Date acquired | SGTU | Total Checkouts | Full call number | Accession No. (Barcode) | Date last seen | Bill Date | Koha item type | Date last borrowed | Total Renewals |
|---|---|---|---|---|---|---|---|---|---|---|---|---|---|---|---|---|
| Dewey Decimal Classification | SGT Engineering Library | SGT Engineering Library | 04/09/2010 | SGTU | 530 HAL | FE2622 | 09/02/2015 | 09/02/2015 | Books | |||||||
| Dewey Decimal Classification | SGT Engineering Library | SGT Engineering Library | 04/09/2010 | SGTU | 530 HAL | FE2623 | 09/02/2015 | 09/02/2015 | Books | |||||||
| Dewey Decimal Classification | SGT Engineering Library | SGT Engineering Library | 04/09/2010 | SGTU | 530 HAL | FE2624 | 09/02/2015 | 09/02/2015 | Books | |||||||
| Dewey Decimal Classification | SGT Engineering Library | SGT Engineering Library | 04/09/2010 | SGTU | 2 | 530 HAL | FE2625 | 11/03/2026 | 09/02/2015 | Books | 24/02/2026 | |||||
| Dewey Decimal Classification | SGT Engineering Library | SGT Engineering Library | 04/09/2010 | SGTU | 530 HAL | FE2626 | 09/02/2015 | 09/02/2015 | Books | |||||||
| Dewey Decimal Classification | SGT Engineering Library | SGT Engineering Library | 04/09/2010 | SGTU | 1 | 530 HAL | FE5418 | 01/02/2017 | 09/02/2015 | Books | 01/02/2017 | |||||
| Dewey Decimal Classification | SGT Engineering Library | SGT Engineering Library | 04/09/2010 | SGTU | 1 | 530 HAL | FE5419 | 07/12/2019 | 09/02/2015 | Books | 07/12/2019 | 1 |